000 00365cam a22001097a 4500
008 180718b1961 xxu||||| |||| 00| 0 eng d
082 _aP528096x54 In2
245 _aEvaluation in higher education: report
_cby University Grants Commission, India
260 _aNew Delhi
_bNew Age Printing Press
_c1961
300 _a272p.
700 _aIndia. University Grants Commission
999 _c494864
_d494864